Statistics for Manchester City Squad

Click here to take the quiz!

General Stats

  • This quiz has been taken 33 times
  • The average score is 17 of 25

Answer Stats

HintAnswer% Correct
sthaaland
91%
rbwalker
91%
gkederson
87%
lwfoden
87%
cbstones
87%
cmde bruyne
83%
cbdias
83%
managerguardiola
83%
cdmrodri
83%
cbakanji
78%
cbake
78%
lwgrealish
74%
stalvarez
70%
rblewis
65%
gkortega
65%
camsilva
65%
gkcarson
61%
lbgomez
61%
cdmphillips
57%
gksteffen
57%
rwdoku
52%
lbcancelo
48%
cbgvardiol
48%
cmkovacic
35%
campalmer
35%

Score Distribution

Percentile by Number Answered

Percent of People with Each Score

Your Score History

You have not taken this quiz